MARC details
| 000 -CABECERA |
| campo de control de longitud fija |
01771cam a2200241 i 4500 |
| 001 - NÚMERO DE CONTROL |
| campo de control |
17390045 |
| 005 - FECHA Y HORA DE LA ÚLTIMA TRANSACCIÓN |
| campo de control |
20251020115026.0 |
| 008 - DATOS DE LONGITUD FIJA--INFORMACIÓN GENERAL |
| campo de control de longitud fija |
240622t20242024fr 000 1 fre d |
| 020 ## - NÚMERO INTERNACIONAL ESTÁNDAR DEL LIBRO |
| Número Internacional Estándar del Libro |
9782823621020 |
| 035 ## - NÚMERO DE CONTROL DEL SISTEMA |
| Número de control de sistema |
(Fr-PaAMA)AAL08385959-0001 |
| 035 ## - NÚMERO DE CONTROL DEL SISTEMA |
| Número de control de sistema |
17390045 |
| 040 ## - FUENTE DE LA CATALOGACIÓN |
| Centro/agencia transcriptor |
tbs |
| 041 ## - CÓDIGO DE LENGUA |
| Código de lengua del texto/banda sonora o título independiente |
fre |
| 050 #4 - SIGNATURA TOPOGRÁFICA DE LA BIBLIOTECA DEL CONGRESO |
| Número de clasificación |
PQ2722.I5674 |
| Número de documento/Ítem |
A81 2024 |
| 100 ## - ENTRADA PRINCIPAL--NOMBRE DE PERSONA |
| Nombre de persona |
Vingtras, Marie |
| Fechas asociadas al nombre |
1972- |
| Término indicativo de función/relación |
author |
| 9 (RLIN) |
26190 |
| 245 14 - MENCIÓN DE TÍTULO |
| Título |
Les âmes féroces |
| Mención de responsabilidad, etc. |
/ Marie Vingtras. |
| 260 ## - PUBLICACIÓN, DISTRIBUCIÓN, ETC. |
| Lugar de publicación, distribución, etc. |
[Paris] : |
| Nombre del editor, distribuidor, etc. |
Éditions de l'Olivier, |
| Fecha de publicación, distribución, etc. |
2024. |
| 300 ## - DESCRIPCIÓN FÍSICA |
| Extensión |
266 pages ; |
| Dimensiones |
21 cm. |
| 520 ## - SUMARIO, ETC. |
| Sumario, etc. |
Leo n’est pas rentrée et le printemps s’entête dans sa douceur. Leo ne reviendra pas. La shérif Lauren Hobler découvre son corps au milieu des iris sauvages. Autour de la mort soudaine d’une jeune fille, Les Âmes féroces tisse plusieurs destinées. Pour élucider un mystère, mais lequel?? Celui de Leo, peut-être, et de ses silences. Celui de Lauren, coincée dans une petite ville qui ne la prend pas au sérieux. Il y a aussi Benjamin, Seth et les autres… Les gens de Mercy, qui pensent tous se connaître et en savent si peu sur eux-mêmes. |
| 520 ## - SUMARIO, ETC. |
| Sumario, etc. |
Leo hasn’t come home, and spring stubbornly clings to its gentleness. Leo will not return. Sheriff Lauren Hobler finds her body among the wild irises.<br/><br/>Around the sudden death of a young girl, The Fierce Souls weaves together several intertwined fates. To unravel a mystery—but which one? Perhaps Leo’s, and the secrets she kept. Perhaps Lauren’s, trapped in a small town that refuses to take her seriously. There’s also Benjamin, Seth, and the others… the people of Mercy, who all think they know each other, yet understand so little about themselves. |
| 650 #0 - PUNTO DE ACCESO ADICIONAL DE MATERIA--TÉRMINO DE MATERIA |
| Término de materia o nombre geográfico como elemento de entrada |
French literature |
| Subdivisión cronológica |
21st century |
| 9 (RLIN) |
26191 |
| 942 ## - ELEMENTOS DE ENTRADA AGREGADA (KOHA) |
| Fuente del sistema de clasificación o colocación |
Clasificación de Library of Congress |